000 00532nam a22001697a 4500
003 NUST
038 _aNusrat Nadeem
082 _a200
100 _aAhsan, Muhammad
_918993
245 _aMembrane module design & analysis for gas separation/
_cMuhammad Ahsan
264 _aIslamabad;
_bSCME NUST;
_c2016;
300 _a121,p;
_bill;
_c30,cm.
650 _aPhD-Materials Engineering
_9123162
700 _aSupervisor: Dr. Arshad Hussain
_9120181
856 _uhttp://10.250.8.41:8080/xmlui/handle/123456789/18097
942 _2ddc
_cTHE
999 _c609647
_d609647